PARATEXTS in English printed drama to 1642: single-text and collected editions, 1624-1642/
Salvato in:
| Natura: | Libro |
|---|---|
| Lingua: | inglese |
| Pubblicazione: |
Cambridge University press,
2014
|
| Tags: |
Aggiungi Tag
Nessun Tag, puoi essere il primo ad aggiungerne!!
|
MARC
| LEADER | 00000nam a22000007a 4500 | ||
|---|---|---|---|
| 008 | 210830b ||||| |||| 00| 0 eng d | ||
| 020 | |a ISBN: 978-1-107-03798-4 | ||
| 245 | |a PARATEXTS in English printed drama to 1642: |b single-text and collected editions, 1624-1642/ | ||
| 250 | |b (Volume 2) |c edited by Thomas L. Berger and Sonia Massai.- | ||
| 260 | |b Cambridge University press, |c 2014 |h New York |i 696471 – Arts |i 696472 |i 696473 |i 696474 |l PR651 .P21 |m 1. English drama – Early modern and Elizabethan, 1500-1600 - Criticism, Textual. |m 2. English drama – 17th century – Criticism, Textual. |m 3. Paratext. |m I. Berger, Thomas L. |m II. Massai, Sonia. | ||
| 500 | |a “It includes index and references” | ||
| 942 | |a lcc |c BK |e j .o. ifatola |f 30/ 08/ 2021. | ||
| 952 | |0 0 |1 0 |2 lcc |4 0 |6 PR0651 P21 |7 0 |9 3286 |a ART |b HOL |c LP |d 2021-08-30 |l 0 |o PR651 .P21 |p 2021-66993 |r 2021-08-30 00:00:00 |w 2021-08-30 |y BK | ||
| 952 | |0 0 |1 0 |2 lcc |4 0 |6 PR0651 P21 |7 0 |9 3287 |a ART |b HOL |c LP |d 2021-08-30 |l 0 |o PR651 .P21 |p 2021-66994 |r 2021-08-30 00:00:00 |w 2021-08-30 |y BK | ||
| 952 | |0 0 |1 0 |2 lcc |4 0 |6 PR0651 P21 |7 0 |9 3288 |a ART |b HOL |c LP |d 2021-08-30 |l 0 |o PR651 .P21 |p 2021-66995 |r 2021-08-30 00:00:00 |w 2021-08-30 |y BK | ||
| 952 | |0 0 |1 0 |2 lcc |4 0 |6 PR0651 P21 |7 0 |9 3289 |a ART |b HOL |c LP |d 2021-08-30 |l 0 |o PR651 .P21 |p 2021-66996 |r 2021-08-30 00:00:00 |w 2021-08-30 |y BK | ||
| 999 | |c 1642 |d 1642 | ||